000 00706nam a22002537a 4500
999 _c432674
_d432674
001 52548
003 UA-OsUOA
005 20200122190152.0
007 ta
008 20150611b un ||||| |||| 00| 0 ukr d
040 _aUA-OsUOA
_bukr
_cUA-OsUOA
_dUA-OsUOA
041 _aukr
080 _a82-3
090 _a82-3
_bБ67
100 _aБіч Р.
245 _aЗалізний шлях
_nч. 1
260 _aВінніпег
_c1951
300 _a132 с.
650 7 _a82 Література. Літературознавство
_2UDC
942 _cBK
_2udc
955 _a3